| 000 | 01211cam a22001934a 4500 | ||
|---|---|---|---|
| 005 | 20250605163957.0 | ||
| 008 | 250528s ||||||||||||||||||||||||d | ||
| 035 | _a15502 | ||
| 020 | _a70479046 | ||
| 040 |
_aGR-AtMCL _bgre _dGR-AtMCL _eAACR2 |
||
| 245 | 1 | _aThe Mind of the Strategist / The Art of Japanese Business | |
| 260 |
_bMcgraw Hill, Inc, _c1982 |
||
| 300 | _a288 | ||
| 520 | _aThis work inspires managers at all levels to new heights of bold, imaginative strategic thinking. Introduction, The Art of Strategic Thinking, Analysis: The Starting Point, Four Routes to Strategic Advantage, Focusing on Key Factors, Building on Relative Superiority, Pursuing Aggressive Initiatives, Exploiting Strategic Degrees of Freedom, The Secret of Strategic Vision, Building Successful Strategies, The Strategic Triangle, Customer-Based Strategies, Corporate-Based Strategies, Competitor-Based Strategies, Corporate Strategy, Modern Strategic Realities, Understanding the Economic Environment, Coping with Strategic Change, Japan: Myths and Realities, Foresighted Decision Making, A Strategic Success Formula?, Index. | ||
| 700 | 1 |
_aOhmae Kenichi _91434 |
|
| 942 | _cBK | ||
| 999 |
_c1078 _d1078 |
||